[Event "Biel MTO op 43rd"]
[Site "Biel"]
[Date "2010.07.22"]
[Round "4"]
[White "Kamber, Bruno"]
[Black "Kaplan, Sasha"]
[Result "0-1"]
[WhiteElo "2302"]
[BlackElo "2422"]
[PlyCount "74"]
[EventDate "2010.07.19"]
[EventType "swiss"]
[EventRounds "11"]
[EventCountry "SUI"]
[SourceTitle "CBM 137 Extra"]
[Source "ChessBase"]
[SourceDate "2010.09.01"]
[SourceVersion "1"]
[SourceVersionDate "2010.09.01"]
[SourceQuality "1"]

1. e4 c5 2. Nf3 e6 3. c4 b6 4. d4 cxd4 5. Nxd4 d6 6. Nc3 Nf6 7. Be3 Bb7 8. f3 Be7 9. Be2 0-0 10. 0-0 Nbd7 11. a3 a6 12. Rc1 Qc7 13. Qe1 Rfe8 14. Qf2 Rac8 15. Rfd1 Qb8 16. b4 Bd8 17. Kh1 Bc7 18. Qg1 Kh8 19. Na4 d5 20. exd5 exd5 21. c5 b5 22. Nc3 Rxe3 23. Qxe3 Bxh2 24. Nf5 Bf4 25. Qd4 Nf8 26. g3 Ne6 27. Qg1 Bxc1 28. Rxc1 d4 29. Nd6 dxc3 30. Rxc3 Rc7 31. Qc1 Ne8 32. Nf5 g6 33. Ne3 Nd4 34. Bd1 Qa7 35. c6 Bxc6 36. Nd5 Bxd5 37. Rxc7 Nxc7 0-1